| 000 | 01745cam a22002054a 4500 | ||
|---|---|---|---|
| 005 | 20250605164216.0 | ||
| 008 | 250528s ||||||||||||||||||||||||d | ||
| 035 | _a20458 | ||
| 020 | _a9850362814 | ||
| 040 |
_aGR-AtMCL _bgre _dGR-AtMCL _eAACR2 |
||
| 245 | 1 | _aReview and Articles / From Die Rote Fahne | |
| 260 |
_bMerlin Press, _c1983 |
||
| 300 | _a74 | ||
| 505 | 0 | _aBernard Shaw's End, Balzac's Posthumous Fame, Tagore's Gandhi Novel, On the Tenth Anniversary of Strindberg's Death, Lessing's Emilia Galotti and Bourgeois Tragedy, Lessing's Nathal and Goethe's Tasso, On Hauptmann's Development, Arthur Schnitzler, Freud's Psychology of the Masses, A Polemic Against the War of the Bourgeoisie, Russian Critics, Stavrogin's Confession, Dostoyevsky: Novellas, The History of Hegel's Youth, On the Fiftieth Anniversary of Feuerbach's Death, Marx and Lassalle in their Correspondence, Marxism and Literary History, The Two Epochs of Bourgeois Materialism, The Genesis and Value of Imaginative Literature. | |
| 520 | _aBernard Shaw's End, Balzac's Posthumous Fame, Tagore's Gandhi Novel, On the Tenth Anniversary of Strindberg's Death, Lessing's Emilia Galotti and Bourgeois Tragedy, Lessing's Nathal and Goethe's Tasso, On Hauptmann's Development, Arthur Schnitzler, Freud's Psychology of the Masses, A Polemic Against the War of the Bourgeoisie, Russian Critics, Stavrogin's Confession, Dostoyevsky: Novellas, The History of Hegel's Youth, On the Fiftieth Anniversary of Feuerbach's Death, Marx and Lassalle in their Correspondence, Marxism and Literary History, The Two Epochs of Bourgeois Materialism, The Genesis and Value of Imaginative Literature. | ||
| 700 | 1 |
_aLukacs Georg _9498 |
|
| 942 | _cBK | ||
| 999 |
_c5562 _d5562 |
||